Les 10 plus grosses ventes réalisées par Monaco - Statistiques

Statistiques générales
  • Ce quiz a été pris 92 fois
  • Le résultat moyen est 9 sur 10
Statistiques - réponses
Saison Nouveau club Nationalité du joueur Montant du transfert Réponse % Correct
18/19 Paris Saint Germain France 180 Kylian Mbappé
100%
14/15 Real Madrid Colombie 75 James Rodriguez
99%
22/23 Real Madrid France 80 Aurélien Tchouameni
96%
17/18 Manchester City Portugal 50 Bernardo Silva
96%
18/19 Atlético Madrid France 72 Thomas Lemar
93%
15/16 Manchester United France 60 Anthony Martial
91%
17/18 Manchester City France 57,5 Benjamin Mendy
91%
18/19 Liverpool Brésil 45 Fabinho
91%
23/24 Chelsea France 45 Axel Disasi
79%
19/20 Leicester Belgique 45 Youri Tielemans
67%
Aucun quiz correspondant
Distribution des résultats
% des personnes avec chaque résultat
Percentile par nombre de réponses
Votre historique - résultats
Vous n’avez pas pris ce quiz